DESIGN DRAWING

"Sales Handles-In Frank'S distinctive graphic style,over 1500 habd drawings reinforce the concepts and lessons of each chapter-expand to include new exercisw and examples that range in complexity.

Bibliographic Details
Main Authors: Ching,Francis D.K , 1943 (author ,, Illustrator), Juroszek,Steven P (Author)
Format: Book
Language:English
Published: Hoboken,New Jersey : John Willey & Son Inc. (2018)
Edition:Third Edition
Subjects:

MARC

LEADER 00000cam a2200000 7i4500
001 0000031121
005 20250924.0
008 250924 nju eng
020 |a 9781119508595[paperback] ,   |c RM266.30 
040 |a DLC   |b eng   |c DLC   |d INS   |e rda 
090 0 0 |a NA2708   |b C49 2018 
100 0 |a Ching,Francis D.K ,   |d 1943 ,   |e author ,   |e illustrator 
245 1 0 |a DESIGN DRAWING   |c FRANCIS D.K CHING with STEVEN P.JUROSEK 
250 |a Third Edition 
264 0 |a @2018 
264 1 |a Hoboken,New Jersey :   |b John Willey & Son Inc.   |c (2018) 
300 |a viii,440 pages :   |b chiefly illustration ;   |c 28cm. 
336 |a text  |2 rdacontent 
337 |a unmediated  |2 rdamedia 
338 |a volume  |2 rdacarrier 
500 |a included index 
520 |a "Sales Handles-In Frank'S distinctive graphic style,over 1500 habd drawings reinforce the concepts and lessons of each chapter-expand to include new exercisw and examples that range in complexity. 
650 0 |a Architectural drawing   |x Technique 
700 1 |a Juroszek,Steven P ,   |e author 
999 |a 1000004838   |b BOOK   |c Open Shelf   |e Default branch